Costa Rica: una economía en recuperación. Informe anual de la Academia de Centroamérica sobre la evolución de la economía costarricense durante 1998 /

Na minha lista:
Detalhes bibliográficos
Autor principal: Jiménez, Ronulfo
Formato: Desconhecido
Publicado em: San José: Academia de Centroamérica; CINDE
Assuntos:
Tags: Adicionar Tag
Sem tags, seja o primeiro a adicionar uma tag!

MARC

LEADER 00000 a2200000 04500
001 10981
003
008 991231s d
040
090 |a 138004  
100 |a Jiménez, Ronulfo  
245 |a Costa Rica: una economía en recuperación. Informe anual de la Academia de Centroamérica sobre la evolución de la economía costarricense durante 1998 /  |c Ronulfo Jiménez  
260 |a San José:   |b Academia de Centroamérica; CINDE  
300 |a xvi, 212 p.  
650 |a CRISIS  
650 |a LIBERALIZACION DEL INTERCAMBIO  
650 |a DINERO  
650 |a MONEDAS  
650 |a TIPO DE CAMBIO  
650 |a EXTERNALIDADES  
999 |c 5753  |d 5753